Tarantino Actors - Statistics

General Stats
  • This quiz has been taken 51 times
    21 since last reset
  • The average score is 25 of 71
Answer Stats
Films Actor % Correct
Inglourious Basterds, Once Upon a Time in Hollywood, True Romance Brad Pitt
94%
Django Unchained, Inglourious Basterds, Jackie Brown, Kill Bill, Pulp Fiction, The Hateful Eight, True Romance Samuel L. Jackson
94%
Django Unchained, Inglourious Basterds Christoph Waltz
89%
Kill Bill, Pulp Fiction Uma Thurman
89%
Pulp Fiction John Travolta
83%
Django Unchained, Once Upon a Time in Hollywood Leonardo DiCaprio
83%
Once Upon a Time in Hollywood Margot Robbie
83%
Four Rooms, Pulp Fiction Bruce Willis
72%
Django Unchained Jamie Foxx
72%
Jackie Brown Robert De Niro
72%
From Dusk Till Dawn, Inglourious Basterds, Pulp Fiction, Reservoir Dogs Harvey Keitel
67%
Four Rooms, Pulp Fiction, Reservoir Dogs, The Hateful Eight Tim Roth
67%
Once Upon a Time in Hollywood Al Pacino
61%
Death Proof, Once Upon a Time in Hollywood, The Hateful Eight Kurt Russell
61%
Kill Bill Lucy Liu
61%
Kill Bill, Once Upon a Time in Hollywood, Reservoir Dogs, The Hateful Eight Michael Madsen
61%
Pulp Fiction, Reservoir Dogs Steve Buscemi
56%
Jackie Brown Bridget Fonda
50%
Death Proof, Inglorious Basterds Eli Roth
50%
Jackie Brown Pam Grier
50%
Kill Bill Vivica A. Fox
50%
Kill Bill David Carradine
44%
From Dusk Till Dawn George Clooney
44%
The Hateful Eight Jennifer Jason Leigh
44%
Inglourious Basterds Michael Fassbender
44%
Pulp Fiction Amanda Plummer
39%
Django Unchained, Once Upon a Time in Hollywood, The Hateful Eight Bruce Dern
39%
Once Upon a Time in Hollywood Dakota Fanning
39%
From Dusk Till Dawn Ernest Liu
39%
Kill Bill Gordon Liu
39%
Inglourious Basterds Melanie Laurent
39%
Reservoir Dogs, True Romance Chris Penn
33%
Pulp Fiction, True Romance Christopher Walken
33%
Inglourious Basterds Diane Kruger
33%
Four Rooms, From Dusk Till Dawn Salma Hayek
33%
Death Proof, Django Unchained, Inglourious Basterds, Kill Bill, Once Upon a Time in Hollywood, The Hateful Eight Zoe Bell
33%
Once Upon a Time in Hollywood Damian Lewis
28%
Jackie Brown Michael Keaton
28%
Jackie Brown Robert Forster
28%
Pulp Fiction Ving Rhames
28%
Jackie Brown Chris Tucker
22%
Inglourious Basterds Daniel Bruhl
22%
True Romance Gary Oldman
22%
Django Unchained Kerry Washington
22%
Once Upon a Time in Hollywood Margaret Qualley
22%
Death Proof Rosario Dawson
22%
Django Unchained, The Hateful Eight Walton Goggins
22%
From Dusk Till Dawn Danny Trejo
17%
Once Upon a Time in Hollywood Harley Quinn Smith
17%
Reservoir Dogs Lawrence Tierney
17%
Django Unchained, Jackie Brown, Kill Bill Michael Bowen
17%
Reservoir Dogs Edward Bunker
11%
Once Upon a Time in Hollywood Emile Hirsch
11%
Django Unchained Franco Nero
11%
The Hateful Eight Gene Jones
11%
Reservoir Dogs Kirk Baltz
11%
Once Upon a Time in Hollywood Luke Perry
11%
Death Proof Mary Elizabeth Winstead
11%
Once Upon a Time in Hollywood Maya Hawke
11%
Inglourious Basterds Rod Taylor
11%
Kill Bill Sonny Chiba
11%
The Hateful Eight Demian Bachir
6%
True Romance James Gandolfini
6%
Once Upon a Time in Hollywood Lorenza Izzo
6%
Once Upon a Time in Hollywood Mike Moh
6%
Inglourious Basterds Mike Myers
6%
Inglourious Basterds, Once Upon a Time in Hollywood Omar Doom
6%
Django Unchained, From Dusk Till Dawn Tom Savini
6%
Once Upon a Time in Hollywood James Marsden
0%
Once Upon a Time in Hollywood Lew Temple
0%
Once Upon a Time in Hollywood Timothy Olphant
0%
No matching quizzes found
Score Distribution
Percent of People with Each Score
Percentile by Number Answered
Your Score History
You have not taken this quiz since the last reset